Linear algebra with applications
This manual contains completely worked-out solutions for all the odd-numbered exercises in the text.
Enregistré dans:
| Auteur principal: | |
|---|---|
| Format: | Livre |
| Langue: | Undetermined |
| Publié: |
New Jersey
Wiley
2005
|
| Sujets: | |
| Tags: |
Ajouter un tag
Pas de tags, Soyez le premier à ajouter un tag!
|
| Thư viện lưu trữ: | Trung tâm Học liệu Trường Đại học Cần Thơ |
|---|
| LEADER | 00603nam a2200205Ia 4500 | ||
|---|---|---|---|
| 001 | CTU_94335 | ||
| 008 | 210402s9999 xx 000 0 und d | ||
| 020 | |c 324000 | ||
| 082 | |a 512 | ||
| 082 | |b B844 | ||
| 100 | |a Bretscher, Otto | ||
| 245 | 0 | |a Linear algebra with applications | |
| 245 | 0 | |c Otto Bretscher | |
| 260 | |a New Jersey | ||
| 260 | |b Wiley | ||
| 260 | |c 2005 | ||
| 520 | |a This manual contains completely worked-out solutions for all the odd-numbered exercises in the text. | ||
| 650 | |a Algebras, linear | ||
| 904 | |i M.Loan | ||
| 980 | |a Trung tâm Học liệu Trường Đại học Cần Thơ | ||